Transformace, stabilizace a růst

Na Ekonomickosprávnej fakulte Masarykovej univerzity v Brne sa konala medzinárodná ekonomická konferencia "Transformace, stabilizace a růst". Na konferencii sa zúčastnilo vyše 50 hostí z fakúlt ekonomického zamerania z ČR, SR a USA. Referáty sa týkali problematiky transformujúcich sa krajín východne...

Descrizione completa

Salvato in:
Dettagli Bibliografici
Autore principale: Žák, Milan
Altri autori: Slaný, Antonín
Natura: Capitolo di libro
Lingua:ceco
Soggetti:
Tags: Aggiungi Tag
Nessun Tag, puoi essere il primo ad aggiungerne!!

MARC

LEADER 00000naa a2200000 4500
001 r019574
005 20221208131340.0
041 0 |a cze 
044 |a CZ 
245 1 0 |a Transformace, stabilizace a růst  |c Milan Žák, A. Slaný 
520 |a Na Ekonomickosprávnej fakulte Masarykovej univerzity v Brne sa konala medzinárodná ekonomická konferencia "Transformace, stabilizace a růst". Na konferencii sa zúčastnilo vyše 50 hostí z fakúlt ekonomického zamerania z ČR, SR a USA. Referáty sa týkali problematiky transformujúcich sa krajín východnej a strednej Európy. Medzi inými odznel aj referát Doc. V. Bacovej: "Problémy realizácie rozvojovej stratégie v transformovaných ekonomikách". 
610 2 0 |a konferencie 
610 2 0 |a Brno 
610 2 0 |a 1995 
610 2 0 |a Masarykova univerzita Brno 
610 2 0 |a Slovensko 
610 2 0 |a Česko 
610 2 0 |a USA 
610 2 0 |a transformácia 
610 2 0 |a stredná Európa 
610 2 0 |a východná Európa 
610 2 0 |a prednášky 
610 2 0 |a prednášatelia 
610 2 0 |a Bacová, V. 
100 1 |a Žák, Milan 
700 1 |a Slaný, Antonín